<?xml version="1.0" encoding="UTF-8"?>
<record
    xmlns:xsi="http://www.w3.org/2001/XMLSchema-instance"
    xsi:schemaLocation="http://www.loc.gov/MARC21/slim http://www.loc.gov/standards/marcxml/schema/MARC21slim.xsd"
    xmlns="http://www.loc.gov/MARC21/slim">

  <leader>00495    a2200169   4500</leader>
  <controlfield tag="003">OSt</controlfield>
  <controlfield tag="005">20260220113727.0</controlfield>
  <controlfield tag="008">250925b        |||||||| |||| 00| 0 eng d</controlfield>
  <datafield tag="020" ind1=" " ind2=" ">
    <subfield code="a">9789366161686</subfield>
  </datafield>
  <datafield tag="100" ind1=" " ind2=" ">
    <subfield code="a">Sreevani, R.</subfield>
    <subfield code="9">213122</subfield>
  </datafield>
  <datafield tag="245" ind1=" " ind2=" ">
    <subfield code="a">A Guide To Mental Health &amp; Psychiatric Nursing Semester V &amp; VI</subfield>
  </datafield>
  <datafield tag="250" ind1=" " ind2=" ">
    <subfield code="a">6th Edition</subfield>
  </datafield>
  <datafield tag="260" ind1=" " ind2=" ">
    <subfield code="b">Jaypee Brothers Medical Publishers</subfield>
    <subfield code="a">New Delhi</subfield>
    <subfield code="c">2025</subfield>
  </datafield>
  <datafield tag="300" ind1=" " ind2=" ">
    <subfield code="a">XXXIV;551P.</subfield>
  </datafield>
  <datafield tag="651" ind1=" " ind2=" ">
    <subfield code="a">Mental Health Nursing</subfield>
    <subfield code="9">212013</subfield>
  </datafield>
  <datafield tag="942" ind1=" " ind2=" ">
    <subfield code="c">BK</subfield>
    <subfield code="2">ddc</subfield>
  </datafield>
  <datafield tag="999" ind1=" " ind2=" ">
    <subfield code="c">367807</subfield>
    <subfield code="d">367807</subfield>
  </datafield>
  <datafield tag="952" ind1=" " ind2=" ">
    <subfield code="0">0</subfield>
    <subfield code="1">0</subfield>
    <subfield code="2">ddc</subfield>
    <subfield code="4">0</subfield>
    <subfield code="7">0</subfield>
    <subfield code="a">SNCN</subfield>
    <subfield code="b">SNCN</subfield>
    <subfield code="d">2025-09-25</subfield>
    <subfield code="e">108</subfield>
    <subfield code="g">516.75</subfield>
    <subfield code="l">8</subfield>
    <subfield code="m">1</subfield>
    <subfield code="o">616.89/SRE</subfield>
    <subfield code="p">SNCN-BK-3592</subfield>
    <subfield code="r">2026-05-12 05:10:46</subfield>
    <subfield code="s">2026-04-02</subfield>
    <subfield code="v">795.00</subfield>
    <subfield code="w">2025-09-25</subfield>
    <subfield code="y">BK</subfield>
  </datafield>
  <datafield tag="952" ind1=" " ind2=" ">
    <subfield code="0">0</subfield>
    <subfield code="1">0</subfield>
    <subfield code="2">ddc</subfield>
    <subfield code="4">0</subfield>
    <subfield code="7">0</subfield>
    <subfield code="a">SNCN</subfield>
    <subfield code="b">SNCN</subfield>
    <subfield code="d">2025-09-25</subfield>
    <subfield code="e">108</subfield>
    <subfield code="g">516.75</subfield>
    <subfield code="l">8</subfield>
    <subfield code="o">616.89/SRE</subfield>
    <subfield code="p">SNCN-BK-3590</subfield>
    <subfield code="q">2026-05-30</subfield>
    <subfield code="r">2026-05-15 09:50:07</subfield>
    <subfield code="s">2026-05-15</subfield>
    <subfield code="v">795.00</subfield>
    <subfield code="w">2025-09-25</subfield>
    <subfield code="y">BK</subfield>
  </datafield>
  <datafield tag="952" ind1=" " ind2=" ">
    <subfield code="0">0</subfield>
    <subfield code="1">0</subfield>
    <subfield code="2">ddc</subfield>
    <subfield code="4">0</subfield>
    <subfield code="7">0</subfield>
    <subfield code="a">SNCN</subfield>
    <subfield code="b">SNCN</subfield>
    <subfield code="d">2025-09-25</subfield>
    <subfield code="e">108</subfield>
    <subfield code="g">516.75</subfield>
    <subfield code="l">8</subfield>
    <subfield code="m">2</subfield>
    <subfield code="o">616.89/SRE</subfield>
    <subfield code="p">SNCN-BK-3589</subfield>
    <subfield code="r">2026-05-15 09:36:45</subfield>
    <subfield code="s">2026-02-02</subfield>
    <subfield code="v">795.00</subfield>
    <subfield code="w">2025-09-25</subfield>
    <subfield code="y">BK</subfield>
  </datafield>
  <datafield tag="952" ind1=" " ind2=" ">
    <subfield code="0">0</subfield>
    <subfield code="1">0</subfield>
    <subfield code="2">ddc</subfield>
    <subfield code="4">0</subfield>
    <subfield code="7">0</subfield>
    <subfield code="a">SNCN</subfield>
    <subfield code="b">SNCN</subfield>
    <subfield code="d">2025-09-25</subfield>
    <subfield code="e">108</subfield>
    <subfield code="g">516.75</subfield>
    <subfield code="l">5</subfield>
    <subfield code="o">616.89/SRE</subfield>
    <subfield code="p">SNCN-BK-3591</subfield>
    <subfield code="r">2026-02-26 14:05:33</subfield>
    <subfield code="s">2026-02-17</subfield>
    <subfield code="v">795.00</subfield>
    <subfield code="w">2025-09-25</subfield>
    <subfield code="y">BK</subfield>
  </datafield>
  <datafield tag="952" ind1=" " ind2=" ">
    <subfield code="0">0</subfield>
    <subfield code="1">0</subfield>
    <subfield code="2">ddc</subfield>
    <subfield code="4">0</subfield>
    <subfield code="7">0</subfield>
    <subfield code="a">SNCN</subfield>
    <subfield code="b">SNCN</subfield>
    <subfield code="d">2025-09-25</subfield>
    <subfield code="e">108</subfield>
    <subfield code="g">516.75</subfield>
    <subfield code="l">6</subfield>
    <subfield code="m">1</subfield>
    <subfield code="o">616.89/SRE</subfield>
    <subfield code="p">SNCN-BK-3588</subfield>
    <subfield code="q">2026-05-12</subfield>
    <subfield code="r">2026-03-18 14:41:53</subfield>
    <subfield code="s">2026-03-18</subfield>
    <subfield code="v">795.00</subfield>
    <subfield code="w">2025-09-25</subfield>
    <subfield code="y">BK</subfield>
  </datafield>
</record>
